000 00409nam a2200169Ia 4500
008 230711s9999||||xx |||||||||||||| ||und||
041 _aENG
082 _a624
_bFI-G
100 _aFirth P
245 0 _aGlobal climate change and freshwater ecosystems
250 _a1st Ed.
260 _c1992
_aBerlin
_bSpringer-Verlag
300 _a321
650 _aCivil Engineering
700 _aFisher,SG
942 _cBK
999 _c2863
_d2863